000 00281nam a2200121Ia 4500
008 190216s9999||||xx |||||||||||||| ||und||
100 _aSuseela Guptha
245 0 _aBhool Chal Ki Hindi
250 _a1st Ed.
260 _bLokabarathi Prakasan
_c2009
300 _a104
942 _cBK
999 _c16932
_d16932